Guía práctica para elaborar las citas en el texto y trabajos citados en Artes y Letras : Adaptado del estilo MLA
Guardado en:
| Autor principal: | |
|---|---|
| Formato: | Libro |
| Lenguaje: | Undetermined |
| Publicado: |
San José, Costa Rica
Editorial Universidad de Costa Rica
2013
|
| Materias: | |
| Etiquetas: |
Agregar Etiqueta
Sin Etiquetas, Sea el primero en etiquetar este registro!
|
MARC
| LEADER | 00000nam a2200000Ia 4500 | ||
|---|---|---|---|
| 008 | 170316s9999 xx 000 0 und d | ||
| 040 | |a cru BVZT | ||
| 090 | |a CG-001 G-1.1gui v.2 | ||
| 100 | |a González Arrieta, Ruth | ||
| 245 | |a Guía práctica para elaborar las citas en el texto y trabajos citados en Artes y Letras : Adaptado del estilo MLA | ||
| 260 | |a San José, Costa Rica | ||
| 260 | |b Editorial Universidad de Costa Rica | ||
| 260 | |c 2013 | ||
| 300 | |a 91 páginas | ||
| 650 | |a CULTURA GENERAL | ||
| 650 | |a NORMAS PARA ELABORAR CITAS BIBLIOGRÁFICAS | ||
| 650 | |a CITAS EN EL TEXTO | ||
| 650 | |a TRABAJOS CITADOS | ||
| 650 | |a ESTILO MODERN LANGUAGE ASSOCIATION | ||
| 650 | |a PUBLICACIONES PERIÓDICAS | ||
| 650 | |a PUBLICACIONES ELECTRÓNICAS | ||
| 650 | |a AUDIOVISUALES | ||
| 650 | |a ARTE | ||
| 650 | |a PUBLICACIONES IMPRESAS | ||
| 650 | |a ADAPTACIÓN DE LA SÉTIMA EDICIÓN | ||
| 942 | |c REF | ||
| 999 | |c 15059 |d 15059 | ||
